Najpopularniejsze gatunki literackie - Statystyki

Ogólne statystyki
  • Ten quiz został rozwiązany 64 razy
  • Średni wynik to 9 z 28
Statystyki odpowiedzi
Odpowiedź % Poprawnych
Dramat
88%
Komedia
76%
Powieść
70%
Opowiadanie
58%
Tragedia
54%
Bajka
52%
Baśń
48%
Fraszka
46%
Nowela
46%
Sonet
44%
Tren
44%
Pieśń
42%
Epopeja
38%
Hymn
38%
Legenda
30%
Oda
28%
Satyra
28%
Ballada
24%
Pamiętnik
18%
Erotyk
14%
Dramat romantyczny
12%
Epitafium
10%
Dziennik
8%
Reportaż
6%
Haiku
4%
Pamflet
2%
Powieść poetycka
2%
Anegdota
0%
Nie znaleziono quizów pasujących do podanych kryteriów
Rozkład punktacji
Procent ludzi z każdym wynikiem
Percentyl według liczby udzielonych odpowiedzi
Twoja historia wyników
Nie rozwiązałeś tego quizu